000 00331nam a22001337a 4500
008 180912b xxu||||| |||| 00| 0 eng d
020 _a9780393062281
041 _aeng
080 _a004
100 _a35
101 _aSHK
245 _atHE Big Switch Rewiring The Worldd From Edison To Google
_cCarr.N
942 _2udc
_cBK
999 _c47693
_d47693